LEADER 00784nam a2200193 i 4500 001 000000075985 003 CaOOAMICUS 005 20110727000000.0 008 110727s1853 it u000 u ita u 013 $a47157 040 $aSeMil$bita 100 1 $aGuerrazzi, Francesco Domenico,$d<1804-1873>.$0(OLS)http://semarc/name/11338 245 13$aLa battaglia di Benevento :$bstoria del secolo 13. /$cscritta da F.-D. Guerrazzi. 260 $aFirenze :$bF. Le Monnier,$c1853. 300 $a588 p. ;$c19 cm. 850 $aSeMil 852 $aSeMil$W1$xVenegono$y1$m1H IV 17 FA$j42137$B42137$CSeMilBibl$Z2$F42141 $8I 996 $6245$aLa battaglia di Benevento :$bstoria del secolo 13.$9(OLS)http://semarc/title/123174 996 $6260$aFirenze :$bF. Le Monnier$9(OLS)http://semarc/publisher/30243 LEADER 01494nam a2200265 i 4500 001 000000127629 003 CaOOAMICUS 005 20070521000000.0 008 070521s1945 it u000 u ita u 013 $a100342 040 $aSeMil$bita 100 1 $aIannantuoni, Liberato.$0(OLS)http://semarc/name/53098 245 10$aCampi spinati :$bdal fronte della Garfagnana ai reticolati in terra di Pisa (Mémorie di un bersagliere della Repubblica Sociale Italiana) /$cLiberato Iannantuoni. 246 04$iTitolo in copertina:$aCuore di un Bersagliere tra i reticolati 260 $aSint-Baafs-Vijve (Belgium) :$bUitgeverij Oranje,$c1945. 300 $a151 p. :$bill. ;$c23 cm. 500 $aIn Occhietto : Versi di ignoto trovati nella polvere in occasione di un trasferimento del campo di concentramento di Coltano. - Fondo card. C.M. Martini. 650 4$aGuerra mondiale <1939-1945> - Diari e memorie.$0(OLS)http://semarc/subject/2759 850 $aSeMil 852 $aSeMil$W1$xVenegono$y1$m3V III 10$j81906$B81906$CSeMilBibl$Z2$F124394 $81 941 1 $a4 961 $aOmaggio: Martini Card. Carlo Maria 996 $6245$aCampi spinati :$bdal fronte della Garfagnana ai reticolati in terra di Pisa (Mémorie di un bersagliere della Repubblica Sociale Italiana)$9(OLS)http://semarc/title/188386 996 $6246$aCuore di un Bersagliere tra i reticolati$9(OLS)http://semarc/title/188387 996 $6260$aSint-Baafs-Vijve (Belgium) :$bUitgeverij Oranje$9(OLS)http://semarc/publisher/46552